| Tag |
First Indicator |
Second Indicator |
Subfields |
| LEADER |
00000cgm a2200000Mi 4500 |
| 001 |
in00005558310 |
| 006 |
m o c |
| 007 |
cr |n||||||||a |
| 007 |
vz |za|z| |
| 008 |
240701s2002 nyu012 e o vneng d |
| 005 |
20241201231058.5 |
| 035 |
|
|
|a (OCoLC)on1451752164
|
| 040 |
|
|
|a ALSTP
|b eng
|e rda
|c ALSTP
|d OCLCO
|d DXU
|
| 019 |
|
|
|a 1455131467
|
| 035 |
|
|
|a (OCoLC)1451752164
|z (OCoLC)1455131467
|
| 043 |
|
|
|a n-us---
|
| 049 |
|
|
|a TXAM
|
| 245 |
0 |
0 |
|a 60 minutes II.
|p 60 minutes classic.
|p Falsely accused /
|c produced by Tom Anderson.
|
| 246 |
3 |
0 |
|a Falsely accused
|
| 246 |
1 |
|
|a 60 minutes 2.
|p 60 minutes classic.
|p Falsely accused
|
| 246 |
1 |
|
|a Sixty minutes two.
|p Sixty minutes classic.
|p Falsely accused
|
| 264 |
|
1 |
|a New York, NY :
|b Columbia Broadcasting System (CBS),
|c 2002.
|
| 300 |
|
|
|a 1 online resource (12 minutes)
|
| 306 |
|
|
|a 001158
|
| 336 |
|
|
|a two-dimensional moving image
|b tdi
|2 rdacontent
|
| 337 |
|
|
|a computer
|b c
|2 rdamedia
|
| 337 |
|
|
|a video
|b v
|2 rdamedia
|
| 338 |
|
|
|a online resource
|b cr
|2 rdacarrier
|
| 347 |
|
|
|a video file
|2 rdaft
|
| 490 |
0 |
|
|a 60 Minutes II
|
| 588 |
0 |
|
|a Title from resource description page (viewed July 01, 2024).
|
| 511 |
0 |
|
|a Reporter: Mike Wallace ; interviewee: Richard Jewell.
|
| 520 |
|
|
|a A follow-up to "It's All A Lie" (OAD: 60 MINUTES 09/22/96), a report on Richard Jewell, a private security guard who was falsely accused of setting off a bomb at the Atlanta Olympics in 1996. The follow-up consists of an interview with Jewell, who talks about what actually happened that night in Atlanta and his ordeal during the five years since he was named a suspect.
|
| 546 |
|
|
|a In English.
|
| 600 |
1 |
0 |
|a Jewell, Richard,
|d 1962-2007.
|
| 610 |
1 |
0 |
|a United States.
|b Federal Bureau of Investigation.
|
| 650 |
|
0 |
|a Criminal investigation.
|
| 650 |
|
6 |
|a Enquêtes criminelles.
|
| 655 |
|
7 |
|a Television news programs.
|2 lcgft
|
| 655 |
|
7 |
|a Téléjournaux.
|2 rvmgf
|
| 700 |
1 |
|
|a Jewell, Richard,
|d 1962-2007,
|e interviewee.
|1 https://id.oclc.org/worldcat/entity/E39PBJkT6RB6rqCG68Tqch7CQq
|
| 700 |
1 |
|
|a Wallace, Mike,
|d 1918-2012,
|e on-screen presenter,
|e interviewer.
|1 https://id.oclc.org/worldcat/entity/E39PBJdrHgjF97RHJYRDxgw6Kd
|
| 700 |
1 |
|
|a Anderson, Tom
|c (Television producer),
|e producer.
|
| 710 |
2 |
|
|a CBS News,
|e production company.
|
| 710 |
2 |
|
|a CBS Corp.,
|e publisher.
|
| 730 |
0 |
|
|i In series:
|a 60 minutes II (Television program)
|
| 856 |
4 |
0 |
|u http://proxy.library.tamu.edu/login?url=https://www.aspresolver.com/aspresolver.asp?MARC;5566863
|z Connect to this streaming video (Alexander Street Press)
|t 0
|
| 955 |
|
|
|a Alexander Street Press subscription streaming video
|
| 994 |
|
|
|a 92
|b TXA
|
| 999 |
f |
f |
|s 57b9e2fd-faab-4ac1-9368-4a7f384ca795
|i b3967259-f3c8-4753-8188-5adb6f1a6013
|t 0
|
| 952 |
f |
f |
|a Texas A&M University
|b College Station
|c Electronic Resources
|d Available Online
|t 0
|h Library of Congress classification
|
| 998 |
f |
f |
|t 0
|l Available Online
|